[Event "HUN-chT2 Toth 1718"]
[Site "Hungary"]
[Date "2017.09.24"]
[Round "1.10"]
[White "Balatoni, Gyorgy"]
[Black "Kovacs, Sandor Zoltan"]
[Result "1-0"]
[WhiteElo "1735"]
[BlackElo "1600"]
[PlyCount "113"]
[EventDate "2017.09.24"]
[EventType "team-tourn"]
[EventRounds "11"]
[EventCountry "HUN"]
[SourceTitle "EXT 2021"]
[Source "ChessBase"]
[SourceDate "2020.10.23"]
[SourceVersion "1"]
[SourceVersionDate "2020.10.23"]
[SourceQuality "1"]
[WhiteTeam "Szentes Integral"]
[BlackTeam "Bekes"]
[WhiteTeamCountry "HUN"]
[BlackTeamCountry "HUN"]

1. c4 c5 2. Nf3 Nc6 3. Nc3 Nf6 4. g3 e6 5. d4 cxd4 6. Nxd4 Qb6 7. Nf3 Bc5 8. e3 0-0 9. Bg2 Bb4 10. Bd2 Bxc3 11. Bxc3 Ne4 12. Qc2 Nxc3 13. Qxc3 a5 14. 0-0 Qc5 15. Rac1 b6 16. Nd4 Bb7 17. Nxc6 Bxc6 18. Qd4 Qxd4 19. exd4 Ra7 20. d5 Ba8 21. c5 bxc5 22. Rxc5 d6 23. Rb5 Rc8 24. Rd1 e5 25. Rb6 Rd8 26. Rc1 f5 27. Rc3 e4 28. Rb5 Kf7 29. Ra3 a4 30. Rc3 Kf6 31. f4 g5 32. Bf1 h5 33. Be2 h4 34. Kf2 Rb7 35. a3 Rdb8 36. Rxb7 Bxb7 37. Bc4 Bc8 38. b4 axb3 39. Rxb3 Rxb3 40. Bxb3 hxg3+ 41. hxg3 gxf4 42. gxf4 Ba6 43. Ke3 Ke7 44. Kd4 Kd7 45. Ba4+ Kc7 46. Be8 Kb6 47. Bd7 e3 48. Kxe3 Kc5 49. Be6 Bc4 50. a4 Bxd5 51. Bxd5 Kxd5 52. Kd3 Kc5 53. a5 Kb5 54. Kd4 Kxa5 55. Kd5 Kb5 56. Kxd6 Kc4 57. Ke5 1-0

[Event "HUN-chT2 Toth 1415"]
[Site "Hungary"]
[Date "2014.11.30"]
[Round "5.10"]
[White "Gulyas, Zoltan"]
[Black "Kovacs, Sandor Zoltan"]
[Result "1-0"]
[WhiteElo "2036"]
[BlackElo "1724"]
[PlyCount "65"]
[EventDate "2014.09.07"]
[EventType "team-tourn"]
[EventRounds "11"]
[EventCountry "HUN"]
[SourceTitle "EXT 2016"]
[Source "ChessBase"]
[SourceDate "2015.10.08"]
[SourceVersion "1"]
[SourceVersionDate "2015.10.08"]
[SourceQuality "1"]
[WhiteTeam "Ujszasz"]
[BlackTeam "Bekes"]
[WhiteTeamCountry "HUN"]
[BlackTeamCountry "HUN"]

1. d4 Nf6 2. c4 d6 3. Nc3 g6 4. e4 Bg7 5. Be2 0-0 6. Nf3 Bg4 7. Be3 c6 8. 0-0 Nbd7 9. Qd2 Nb6 10. b3 Qc7 11. Rac1 Rad8 12. Qc2 Nbd7 13. b4 a5 14. a3 Ra8 15. h3 Bxf3 16. Bxf3 axb4 17. axb4 Qb6 18. e5 Ne8 19. b5 Qc7 20. bxc6 bxc6 21. Nb5 Qc8 22. exd6 exd6 23. Nc3 Rb8 24. d5 Ne5 25. Be2 Nf6 26. f4 Ned7 27. Bf3 cxd5 28. Bxd5 Nc5 29. f5 Rb3 30. fxg6 hxg6 31. Rxf6 Bxf6 32. Qxg6+ Bg7 33. Bd4 1-0

[Event "HUN-chT2 Toth 1213"]
[Site "Hungary"]
[Date "2013.03.03"]
[Round "8.10"]
[White "Kovacs, Sandor Zoltan"]
[Black "Csolik, Ferenc"]
[Result "1/2-1/2"]
[WhiteElo "1686"]
[BlackElo "1783"]
[PlyCount "64"]
[EventDate "2012.09.16"]
[EventType "team-tourn"]
[EventRounds "11"]
[EventCountry "HUN"]
[SourceTitle "EXT 2014"]
[Source "ChessBase"]
[SourceDate "2013.11.20"]
[SourceVersion "1"]
[SourceVersionDate "2013.11.20"]
[SourceQuality "1"]
[WhiteTeam "Bekes"]
[BlackTeam "Abony"]
[WhiteTeamCountry "HUN"]
[BlackTeamCountry "HUN"]

1. e4 c5 2. Bc4 Nc6 3. Nf3 h6 4. 0-0 a6 5. c3 Qc7 6. Re1 d6 7. d4 cxd4 8. cxd4 Bg4 9. Be2 Nf6 10. Nc3 e6 11. Be3 Be7 12. Rc1 0-0 13. d5 Bxf3 14. Bxf3 Ne5 15. dxe6 Nxf3+ 16. Qxf3 fxe6 17. Qg3 Kh7 18. Bd2 Qd7 19. Qd3 e5 20. Nd5 Nxd5 21. exd5+ Kh8 22. Rc3 Rac8 23. Rec1 Bf6 24. Qg6 Rxc3 25. Rxc3 Qf7 26. Qe4 Bg5 27. Rf3 Bf6 28. Be3 Rc8 29. Qf5 Qc7 30. h3 Rf8 31. Rg3 Qf7 32. Qe4 Qe7 1/2-1/2

[Event "HUN-chT2 Toth 1112"]
[Site "Hungary"]
[Date "2012.05.20"]
[Round "11.11"]
[White "Kovacs, Sandor Zoltan"]
[Black "Horvath, Adam"]
[Result "1/2-1/2"]
[WhiteElo "1666"]
[BlackElo "1820"]
[PlyCount "60"]
[EventDate "2011.09.25"]
[EventType "team-tourn"]
[EventRounds "11"]
[EventCountry "HUN"]
[SourceTitle "EXT 2013"]
[Source "ChessBase"]
[SourceDate "2012.11.22"]
[SourceVersion "1"]
[SourceVersionDate "2012.11.22"]
[SourceQuality "1"]
[WhiteTeam "Bekes"]
[BlackTeam "KHTK"]
[WhiteTeamCountry "HUN"]
[BlackTeamCountry "HUN"]

1. e4 c5 2. Nf3 e6 3. Nc3 a6 4. d4 cxd4 5. Nxd4 Bb4 6. Bd2 Qb6 7. Nb3 Nc6 8. a3 Bd6 9. Be3 Qc7 10. g3 b5 11. Bxb5 Bb7 12. 0-0 Nge7 13. Ba4 0-0 14. f4 Nc8 15. Nd2 Na5 16. Qe2 Bc5 17. Nd1 Nb6 18. Bb3 d5 19. Bxc5 Qxc5+ 20. Qf2 Qxf2+ 21. Nxf2 Nxb3 22. cxb3 Rfd8 23. Rac1 Rac8 24. Rfe1 dxe4 25. Ndxe4 Rxc1 26. Rxc1 Bd5 27. Nc5 a5 28. Nfd3 Kf8 29. Kf2 Bxb3 30. Nxb3 Rxd3 1/2-1/2